000 00709nam a2200253 a 4500
008
020 _a0074600508 (pbk.)
049 _aMAIN
090 _aTA775
100 1 _aBrahma , S. P.
245 1 0 _aFoundation engineering /
_cBrahma, S. P.
260 _aNew Dehli:
_bTata McGraw-Hill,
_cc1985.
300 _axv, 514 p. :
_bill. ;
_c23 cm.
500 _aIncludex index
504 _aIncludes bibliographical references.
650 0 _aFoundations.
700 1 _aHanson, Walter Edmund.
700 1 _aThornburn, Thomas H.
907 _a.b10176196
_b26-03-07
_c20-09-05
003
005 20230123134152.0
040 _cNUST
942 _cBOOKS
_kTA775
999 _c161238
_d161238